00522nam a2200193 a 4500001001300000003000900013005001700022008004100039020001000080082001500090100003100105245004000136260003800176300000900214500003500223505001000258650002900268700003100297nice12345678IN_TiNIC20260116014005.0050524s1999 hyda grp 000 0 urd  ac20000a297.4bQAD aQadri, M Abdus Sattar Khan aTazkira-I-Hazrat Muhaddis-E-Deccan. aHyderabadbMinar Book Depo.c1999 a645p aincludes index and biblioraphy2 aIndex aSufism-Muhaddis-E-Deccan1 aQadri, M Abdus Sattar Khan